000 00732nam a2200277Ia 4500
005 20260324130003.0
008 008 260324s9999 xx 000 0 eng d
020 _a9780429206986
037 _aEBOOK
040 _aCRL
040 _beng
040 _cCRL
041 _2eng
041 _aeng
084 _qCRL
100 _aAndreas Vassilopoulos; Oliver Bender; Alenka Krek; Niki Evelpidou
_91180089
245 0 _aGeoinformation Technologies for Geo-Cultural Landscapes: European Perspectives
260 _bTaylor and Francis
260 _c2008
365 _a
365 _b385
856 _uhttp://www.taylorfrancis.com/books/9780429206986
942 _cEBOOK
999 _c1775819
_d1775819